| 000 | 01238cam a2200229 4500 | ||
|---|---|---|---|
| 001 | WB3923-08 | ||
| 008 | 030618n2003 000 0 eng u | ||
| 035 | _a(Sirsi) u122644 | ||
| 245 | _aFigures show rise in new-build flats | ||
| 260 | _c2003 | ||
| 490 |
_aPlanning (for the Natural and Built Environment) _v(1523) 13 June 2003, 3(1) |
||
| 490 |
_aHouse Builders Federation Press Release _v 4 June 2003 (1) |
||
| 520 | _aStatistics from the National House Building Council for the first quarter of 2003 show that, for the first time, more flats than detached houses are being built in England as developers follow government recommendations for higher density living and urban regeneration. The House Builders Federation warned though that there needs to be a balance between the supply of houses and flats as people still aspire to own their own home. The figures also do not show an improvement in the UK's undersupply of housing. NHBC website http://www.nhbc.co.uk. http://www.hbf.co.uk/press_releases/hbf_11.html | ||
| 590 | _aWB | ||
| 650 | _aHOUSE BUILDING SECTOR | ||
| 650 | _aFLATS | ||
| 650 | _aURBAN REGENERATION | ||
| 650 | _aHIGH DENSITY HOUSING | ||
| 650 | _aHOUSE BUILDERS | ||
| 690 | _aHOUSING | ||
| 942 | _n0 | ||
| 999 |
_c72877 _d72877 |
||